La religion des classiques 1660-1685
Uloženo v:
| Hlavní autor: | |
|---|---|
| Médium: | Kniha |
| Jazyk: | francouzština |
| Vydáno: |
París
Universitaires de France
1948
|
| Edice: | Bibliothèque de Philosophie Contemporaine
|
| Témata: | |
| Tagy: |
Přidat tag
Žádné tagy, Buďte první, kdo vytvoří štítek k tomuto záznamu!
|
MARC
| LEADER | 00000nam a2200000 a 4500 | ||
|---|---|---|---|
| 001 | UCZ5324 | ||
| 003 | CL-VaPUC | ||
| 008 | 951117e19480000FR |||||||||||||||||fre|d | ||
| 082 | 0 | 4 | |a 201 |b BUS |2 21 |
| 100 | 0 | |a Busson, Henri |e author |9 349271 | |
| 245 | 1 | 3 | |a La religion des classiques 1660-1685 |
| 300 | |a 476 p | ||
| 942 | |c BK | ||
| 945 | |d 19951117 00:00:00 |a lriquelm | ||
| 260 | |a París |b Universitaires de France |c 1948 | ||
| 650 | 0 | |a Filosofía cristiana |9 265980 | |
| 650 | 0 | |a Religión |9 255164 | |
| 650 | 0 | |a Teología |9 258766 | |
| 650 | 0 | |a Ética |9 255099 | |
| 650 | 0 | |a Humanismo |9 256530 | |
| 583 | |a last modification |c 19951117 00:00:00 |k Rodrigo Vera | ||
| 490 | 0 | |a Bibliothèque de Philosophie Contemporaine | |
| 999 | |c 241643 |d 241641 | ||
| 952 | |0 0 |1 0 |4 0 |6 201_000000000000000_BUS_1948 |7 0 |8 P |9 254022 |a BIBEDU |b BIBEDU |c BIBEDU_PB |d 2019-11-19 |i 1571516 |o 201 BUS 1948 |p 1571516 |r 2024-01-25 |w 2019-11-19 |y BK |k FIL | ||
| 952 | |0 0 |1 0 |4 0 |6 201_000000000000000_BUS_1948 |7 0 |8 P |9 254023 |a BIBEDU |b BIBEDU |c BIBEDU_PB |d 2019-11-19 |i 1571524 |o 201 BUS 1948 |p 1571524 |r 2024-01-25 |w 2019-11-19 |y BK |k FIL | ||